Southville International School and Colleges
Your cart is empty.
  • Cart
  • Lists
    Public lists Eva Luna New books Lux_list list_1
    Your lists Log in to create your own lists
  • Log in to your account
  • Your cookies
  • Search history
Southville International School and Colleges
  • Advanced search
  • Recent comments
  • Most popular
  • Libraries

Log in to your account

Log in with GOOGLE


If you do not have an external account, but do have a local account, you can still log in:

  1. Home
  2. MARC view: Mind you manners, Ben Bunny :
Normal view MARC view ISBD view

Mind you manners, Ben Bunny : (Record no. 103225)

[ view plain ]
MARC details
000 -LEADER
fixed length control field 00653nam a2200181 a 4500
005 - DATE AND TIME OF LATEST TRANSACTION
control field 20140412111255.0
008 - FIXED-LENGTH DATA ELEMENTS--GENERAL INFORMATION
fixed length control field 010326s19uu xx 00 eng d
020 ## - INTERNATIONAL STANDARD BOOK NUMBER
International Standard Book Number 0-590-06844-X
050 ## - LIBRARY OF CONGRESS CALL NUMBER
Classification number TR(PS E
Item number Mi66 1997
100 ## - MAIN ENTRY--PERSONAL NAME
Personal name Smith, Mavis
245 ## - TITLE STATEMENT
Title Mind you manners, Ben Bunny :
Remainder of title a lift-the-flap book about table manners /
Statement of responsibility, etc by Mavis Smith.
260 ## - PUBLICATION, DISTRIBUTION, ETC. (IMPRINT)
Place of publication, distribution, etc New York :
Name of publisher, distributor, etc Scholastic Inc,
Date of publication, distribution, etc 1997.
300 ## - PHYSICAL DESCRIPTION
Extent 1 v. (unp.) ; ill.
520 ## - SUMMARY, ETC.
Summary, etc Ben Bunny and his friends don't know the first thing about table manners! But their friend the crow delivers them from mess hall messiness.
650 ## - SUBJECT ADDED ENTRY--TOPICAL TERM
Topical term or geographic name as entry element Manners
650 ## - SUBJECT ADDED ENTRY--TOPICAL TERM
Topical term or geographic name as entry element Behavior
Holdings
Withdrawn status Lost status Damaged status Home library Current library Shelving location Date acquired Source of acquisition Cost, normal purchase price Total Checkouts Full call number Barcode Date last seen Price effective from Koha item type
      Elizalde Library Elizalde Library Teachers Reference Section 03/26/2001   352.00   TR(PS E Mi66 1997 E4025 04/12/2014 04/12/2014 Books

Mind you manners, Ben Bunny :

APA

Smith M., . (1997). Mind you manners, Ben Bunny. New York: Scholastic Inc.

Chicago

Smith Mavis, . 1997. Mind you manners, Ben Bunny. New York: Scholastic Inc.

Harvard

Smith M., . (1997). Mind you manners, Ben Bunny. New York: Scholastic Inc.

MLA

Smith Mavis, . Mind you manners, Ben Bunny. New York: Scholastic Inc. 1997.

  • Place hold
  • Print
  • Cite
  • Add to your cart (remove)
  • Save record
    BIBTEX Dublin Core MARCXML MARC (non-Unicode/MARC-8) MARC (Unicode/UTF-8) MARC (Unicode/UTF-8, Standard) MODS (XML) RIS
  • More searches
    Search for this title in:
    Other Libraries (WorldCat) Other Databases (Google Scholar) Online Stores (Bookfinder.com) Open Library (openlibrary.org)

Exporting to Dublin Core...

SOUTHVILLE LIBRARY

Southville International School and Colleges Library

1281 Tropical Ave. Cor. Luxembourg St., BF Homes International, Las Pinas City

Tel. No. 8256374 / 252358 Loc. 117/146

Powered by Koha